000 01043nam a2200301 i 4500
001 bg
003 BPK
005 20200630132816.0
008 000301s1978 pl a f f |000 0 pol
015 _aPB 1979/396
040 _aWA N
_cBPK
041 0 _apol
080 _a621.3
080 _a(075.8+076)
245 0 0 _aLaboratorium elektrotechniki i elektroniki :
_bpraca zbiorowa /
_cpod red. Franciszka Przezdzieckiego ; [aut. Henryk Bitel et al.].
250 _aWyd. 3.
260 _aWarszawa :
_bPańst. Wydaw. Naukowe,
_c1978.
300 _a353, [1] s. :
_bil., tab., wykr. ;
_c25 cm.
504 _aBibliogr. przy rozdz.
655 4 _aĆwiczenia i zadania dla szkół wyższych
650 4 _aElektronika
650 4 _aElektrotechnika
700 1 _aPrzeździecki, Franciszek
_d(1926- ).
_eRed.
700 1 _aBitel, Henryk.
710 2 _aPaństwowe Wydawnictwo Naukowe
_4pbl.
942 _2UKD
_cKS
856 _uhttp://koha.tu.koszalin.pl/cgi-bin/koha/opac-detail.pl?biblionumber=2272
_yKatalog online BPK
999 _c2272
_d2272